• 首页
  • 本馆介绍
  • 公告通知
  • 最新文献
  • 馆藏检索
  • 电子资源
  • 读者导购
  • 参考咨询
  • 我的图书馆
  • 登录
  • 详细信息显示
  • 放入我的书架
  • 预约/预借图书
  • 作者相关作品
  • 分类相关作品
  • 丛书相关作品
  • 出版社相关作品

书目信息

  • 表格格式
  • 工作单格式
  • 卡片格式
题名:
纳兰词全编全赏
    
 
作者: 纳兰性德 著 ;聂菁菁 主编
分册:  
出版信息: 北京   中国华侨出版社  2014
页数: 424页
开本: 28cm
丛书名:
单 册:
中图分类: K825.6=49 , I207.23 , I207.23
科图分类:
主题词: 文学--中国
电子资源:
ISBN: 978-7-5113-3904-1
000 01145nam0 2200289 450
001 339716
005 20150921090014.60
010    @a978-7-5113-3904-1@dCNY59.00
100    @a20131213d2013 em y0chiy50 ea
101 0  @achi
102    @aCN@b110000
105    @aa z 000yb
106    @ar
200 1  @a纳兰词全编全赏@Ana lan ci quan bian quan shang@f(清) 纳兰性德著@g聂菁菁主编
210    @a北京@c中国华侨出版社@d2014
215    @a424页@c图@d28cm
330    @a本书分纳兰容若传记、纳兰词全赏两篇。上篇从诞生、初恋、知已、婚姻、仕途、情殇、离世7个方面讲述纳兰容若的一生。下篇收录了纳兰容若流传在世的经典词进行赏析。这些词是纳兰容若一生情感的真实写照, 书中所附的原文、注释、赏析等栏目, 多角度地将词作的主题思想、创作背景、词人境况及词作的意境、情感全面地展示出来。
600  0 @a纳兰性德@f(1654-1685)@x传记
600  0 @a纳兰性德@f(1654-1685)@x词(文学)@x诗词研究
606 0  @a文学@x中国
690    @aK825.6=49@v5
690    @aI207.23@v5
690    @aI207.23@v4
701  0 @c(清)@a纳兰性德@Ana lan xing de@f(1655 1685)@4著
702  0 @a聂菁菁@Anie jing jing@4主编
801  0 @aCN@b卓展宏图@c20150525
905    @dI207.23@e880@f4
    
    纳兰词全编全赏/(清) 纳兰性德著/聂菁菁主编.-北京:中国华侨出版社,2014
    424页:图;28cm
    
    
    ISBN 978-7-5113-3904-1:CNY59.00
    本书分纳兰容若传记、纳兰词全赏两篇。上篇从诞生、初恋、知已、婚姻、仕途、情殇、离世7个方面讲述纳兰容若的一生。下篇收录了纳兰容若流传在世的经典词进行赏析。这些词是纳兰容若一生情感的真实写照, 书中所附的原文、注释、赏析等栏目, 多角度地将词作的主题思想、创作背景、词人境况及词作的意境、情感全面地展示出来。
●
相关链接 在E读中查询图书 在五车中查询图书 在当当中查询图书 在豆瓣中查询图书


正题名:纳兰词全编全赏     索取号:I207.23/880         预约/预借

序号 登录号 条形码 馆藏地/架位号 状态 备注
1 863767   208637670   第二样本阅览室/ [索取号:I207.23/880] 在馆    
2 863768   208637689   第二借阅区/ [索取号:I207.23/880] 在馆    
3 863769   208637698   第二借阅区/ [索取号:I207.23/880] 在馆    
4 863770   208637705   第二借阅区/ [索取号:I207.23/880] 在馆    
唐山师范学院图书馆 欢迎您!
大连网信软件有限公司© 版权所有